| 000 | 01768nam0a2200361 4500 | ||
|---|---|---|---|
| 001 | RU\NLR\BIBL_A\012042086 | ||
| 005 | 20190911162328.0 | ||
| 010 |
_a978-5-89197-013-7 _9500 |
||
| 021 |
_aRU _bКН-П-19-039427 _9КН-П-19-2889 |
||
| 035 | _a(NLR Aleph) 012042086 | ||
| 035 | _a(RuMoRGB)009993917 | ||
| 090 |
_a11607835 _c11607835 |
||
| 100 | _a20190624d2019 u y0rusy50 ca | ||
| 101 | 0 | _arus | |
| 102 | _aRU | ||
| 105 | _aac z 000zy | ||
| 200 | 1 |
_aЛенинградская битва 1941-1944. Партизанский отряд Франциско Гульона: судьба и память _fСтанислав Вязьменский |
|
| 210 |
_aМосква _cТАСС _d2019 |
||
| 215 |
_a156 с., [1] л. цв. карты _cил., портр., табл., цв. ил. _d21 |
||
| 320 | _aБиблиогр. в подстроч. примеч. | ||
| 333 | _a14+ | ||
| 517 | 1 | _aПартизанский отряд Франциско Гульона: судьба и память | |
| 606 | 1 |
_aВеликая Отечественная война _z1941 - 1945 _xПартизанское движение _yЛенинградская область _2nlr_sh1 _2nlr_sh2 _3RU\NLR\AUTH\66180655 |
|
| 686 | 1 | _aТ3(2)722.5(2Р-4Ле) | |
| 686 | 1 | _aЦ35(2)722.99(2Р-4Ле) | |
| 700 | 1 |
_aВязьменский _bС. Б. _gСтанислав Борисович |
|
| 702 | 1 |
_aГульон _bФ. _f1920-1944 _gФранциско _4280 |
|
| 942 | _cBOOK | ||
| 980 | _aNBR | ||
| 980 | _aNB | ||